The RICS and Macdonald and Company Asia rewards and attitudes survey 2010 (Record no. 111425)

MARC details
000 -LEADER
fixed length control field 01115cad a22002655a 4500
001 - CONTROL NUMBER
control field L151531
008 - FIXED-LENGTH DATA ELEMENTS--GENERAL INFORMATION
fixed length control field 101115s2010 xxkd f s 000 0 eng d
035 ## - SYSTEM CONTROL NUMBER
System control number (Sirsi) u151531
041 0# - LANGUAGE CODE
Language code of text/sound track or separate title eng
050 04 - LIBRARY OF CONGRESS CALL NUMBER
Classification number 331.281333 $2 18
110 2# - MAIN ENTRY--CORPORATE NAME
Corporate name or jurisdiction name as entry element Royal Institution of Chartered Surveyors
9 (RLIN) 4900
240 04 - UNIFORM TITLE
Uniform title The RICS and Macdonald and Company salary survey
245 04 - TITLE STATEMENT
Title The RICS and Macdonald and Company Asia rewards and attitudes survey 2010
Remainder of title executive summary and key findings
Medium [electronic resource]
260 ## - PUBLICATION, DISTRIBUTION, ETC.
Place of publication, distribution, etc. London
Name of publisher, distributor, etc. Macdonald and Company
-- RICS
Date of publication, distribution, etc. 2010
520 ## - SUMMARY, ETC.
Summary, etc. Key findings from the RICS and Macdonald and Company Asia Rewards and Attitudes Survey 2010.
520 ## - SUMMARY, ETC.
Summary, etc. A full copy of the report is not available in the Library.
521 2# - TARGET AUDIENCE NOTE
Target audience note Advanced
590 ## - LOCAL NOTE (RLIN)
Local note KA
650 24 - SUBJECT ADDED ENTRY--TOPICAL TERM
Topical term or geographic name entry element RICS SALARY AND BENEFITS SURVEYS
651 #4 - SUBJECT ADDED ENTRY--GEOGRAPHIC NAME
Geographic name ASIA
690 ## - LOCAL SUBJECT ADDED ENTRY--TOPICAL TERM (OCLC, RLIN)
Topical term or geographic name as entry element MANAGEMENT-BUSINESS MANAGEMENT-HUMAN RESOURCE MANAGEMENT
710 2# - ADDED ENTRY--CORPORATE NAME
Corporate name or jurisdiction name as entry element Macdonald and Company
9 (RLIN) 3846
856 40 - ELECTRONIC LOCATION AND ACCESS
Uniform Resource Identifier <a href="https://www.macdonaldandcompany.com/salary-survey-asia">https://www.macdonaldandcompany.com/salary-survey-asia</a>
Public note View the item free of charge at www.macdonaldandcompany.com
942 ## - ADDED ENTRY ELEMENTS (KOHA)
Suppress in OPAC 0
Holdings
Withdrawn status Lost status Source of classification or shelving scheme Damaged status Not for loan Home library Current library Shelving location Date acquired Total Checkouts Full call number Barcode Date last seen Copy number Price effective from Koha item type
    Dewey Decimal Classification     Virtual Virtual Online 15/11/2010   ONLINE PUBLICATION 151531-2001 06/08/2019 1 06/08/2019 Book